[Event "St Eufemia d'Aspromonte op 3rd"]
[Site "St Eufemia d'Aspromonte"]
[Date "2010.01.05"]
[Round "5"]
[White "Cordi, Domenico"]
[Black "Serratore, Vincenzo"]
[Result "0-1"]
[WhiteElo "2072"]
[BlackElo "1891"]
[PlyCount "56"]
[EventDate "2010.01.02"]
[EventType "swiss"]
[EventRounds "7"]
[EventCountry "ITA"]
[SourceTitle "CBM 134 Extra"]
[Source "ChessBase"]
[SourceDate "2010.03.03"]
[SourceVersion "1"]
[SourceVersionDate "2010.03.03"]
[SourceQuality "1"]

1. d4 d5 2. Nf3 Bf5 3. c4 e6 4. Nc3 Nc6 5. cxd5 exd5 6. Bf4 Bd6 7. Bg3 Bxg3 8. hxg3 Nf6 9. e3 0-0 10. Rc1 Ne7 11. Nh4 Be6 12. Bd3 g6 13. Nf3 c6 14. Ng5 Bf5 15. Bxf5 Nxf5 16. Qf3 Re8 17. Kf1 h5 18. Nh3 Kg7 19. Nf4 Rh8 20. Nd3 Ng4 21. Re1 Qg5 22. Qf4 Qf6 23. Kg1 Rae8 24. Qf3 Re7 25. Qd1 Rhe8 26. Qd2 Nfxe3 27. fxe3 Rxe3 28. Rf1 Qxd4 0-1

[Event "St Eufemia d'Aspromonte op 3rd"]
[Site "St Eufemia d'Aspromonte"]
[Date "2010.01.02"]
[Round "1"]
[White "Serratore, Vincenzo"]
[Black "Stromboli, Ettore"]
[Result "0-1"]
[WhiteElo "1891"]
[BlackElo "2263"]
[PlyCount "88"]
[EventDate "2010.01.02"]
[EventType "swiss"]
[EventRounds "7"]
[EventCountry "ITA"]
[SourceTitle "CBM 134 Extra"]
[Source "ChessBase"]
[SourceDate "2010.03.03"]
[SourceVersion "1"]
[SourceVersionDate "2010.03.03"]
[SourceQuality "1"]

1. d4 Nf6 2. Nd2 d5 3. e3 Bf5 4. Ngf3 Nbd7 5. Nh4 Bg6 6. Nxg6 hxg6 7. Nf3 e6 8. Bd3 Bd6 9. Qe2 c6 10. h4 Ne4 11. Bd2 g5 12. h5 g4 13. Bxe4 dxe4 14. Nh2 Rxh5 15. Qxg4 Nf6 16. Qxg7 Qe7 17. 0-0-0 0-0-0 18. Ng4 Ne8 19. Qg8 Rg5 20. Qh7 Rxg4 21. Qh3 Nf6 22. Bc3 Rdg8 23. g3 Nd5 24. Bd2 Nb6 25. Qf1 Kb8 26. Qe2 c5 27. dxc5 Bxc5 28. Rh5 Nd5 29. Rdh1 Nf6 30. Rh6 R4g6 31. R6h4 Bb4 32. c3 Bd6 33. Qb5 a6 34. Qa4 Ng4 35. Be1 f5 36. Qd4 Bc5 37. Qc4 Ne5 38. Qe2 Rd8 39. Rh8 Rgg8 40. Rxg8 Rxg8 41. Bd2 Rd8 42. c4 Bb4 43. Bxb4 Qxb4 44. b3 Qc3+ 0-1

[Event "Bagnara Calabra op-A"]
[Site "Bagnara Calabra"]
[Date "2009.01.05"]
[Round "5"]
[White "Blasco, Domenico"]
[Black "Serratore, Vincenzo"]
[Result "1/2-1/2"]
[WhiteElo "2011"]
[BlackElo "1902"]
[PlyCount "24"]
[EventDate "2009.01.02"]
[EventType "swiss"]
[EventRounds "7"]
[EventCountry "ITA"]
[SourceTitle "CBM 128 Extra"]
[Source "ChessBase"]
[SourceDate "2009.03.05"]
[SourceVersion "2"]
[SourceVersionDate "2009.03.25"]
[SourceQuality "1"]

1. d4 d5 2. c4 c6 3. cxd5 cxd5 4. Nc3 Nf6 5. Nf3 e6 6. e3 Be7 7. Bd3 0-0 8. 0-0 Nc6 9. b3 a6 10. Bb2 Re8 11. Rc1 Bf8 12. Qe2 Bd6 1/2-1/2

[Event "Bagnara Calabra op-A"]
[Site "Bagnara Calabra"]
[Date "2009.01.02"]
[Round "1"]
[White "Serratore, Vincenzo"]
[Black "Collutiis, Duilio"]
[Result "0-1"]
[WhiteElo "1902"]
[BlackElo "2443"]
[PlyCount "96"]
[EventDate "2009.01.02"]
[EventType "swiss"]
[EventRounds "7"]
[EventCountry "ITA"]
[SourceTitle "CBM 128 Extra"]
[Source "ChessBase"]
[SourceDate "2009.03.05"]
[SourceVersion "2"]
[SourceVersionDate "2009.03.25"]
[SourceQuality "1"]

1. d4 Nf6 2. Nf3 c5 3. e3 g6 4. Bd3 Bg7 5. 0-0 0-0 6. c3 d6 7. Nbd2 Nbd7 8. e4 Qc7 9. Qe2 e5 10. d5 Nh5 11. g3 Ndf6 12. Nh4 Bh3 13. Ng2 a6 14. Nf3 Rae8 15. Ng5 Bc8 16. Ne3 h6 17. Nf3 Bh3 18. Ng2 Qd8 19. Kh1 Kh8 20. Ng1 Bc8 21. f3 Ng8 22. Be3 f5 23. Nh4 Qf6 24. Ng2 Qf7 25. Bf2 Nhf6 26. Ne3 f4 27. Nc4 Qc7 28. g4 g5 29. h4 gxh4 30. Bxh4 Ne7 31. Qh2 Ng6 32. Kg2 Nxh4+ 33. Qxh4 Rg8 34. Ne2 b5 35. Nd2 c4 36. Bc2 Qf7 37. Rh1 Bf8 38. Kf2 Bxg4 39. fxg4 Nxg4+ 40. Kf3 Qa7 41. Nf1 Be7 42. Qxg4 Rxg4 43. Kxg4 Qf2 44. Rh2 Rg8+ 45. Kf5 Qf3 46. Rxh6+ Kg7 47. Rg6+ Kf7 48. Rxg8 Qh5+ 0-1

[Event "Cutro op-A 12th"]
[Site "Cutro"]
[Date "2006.05.01"]
[Round "9"]
[White "Serratore, Vincenzo"]
[Black "Wohl, Aleksandar H"]
[Result "0-1"]
[WhiteElo "2046"]
[BlackElo "2432"]
[PlyCount "120"]
[EventDate "2006.04.23"]
[EventType "swiss"]
[EventRounds "9"]
[EventCountry "ITA"]
[SourceTitle "CBM 111 Extra"]
[Source "ChessBase"]
[SourceDate "2006.05.09"]
[SourceVersion "1"]
[SourceVersionDate "2006.05.09"]
[SourceQuality "1"]

1. d4 Nf6 2. Bf4 c5 3. d5 Qb6 4. b3 Qb4+ 5. Qd2 Nxd5 6. Bxb8 Qxd2+ 7. Nxd2 Rxb8 8. e4 Nb4 9. Bd3 g6 10. a3 Bg7 11. Rb1 Nxd3+ 12. cxd3 0-0 13. Ne2 b6 14. 0-0 Ba6 15. Nc1 d5 16. b4 dxe4 17. Nxe4 c4 18. b5 Bb7 19. f3 c3 20. Rb4 Rfd8 21. Kf2 f5 22. Ng5 Bf6 23. h4 Bd5 24. Ne2 h6 25. Nh3 Bf7 26. Ke3 Rd6 27. g3 Rbd8 28. d4 e5 29. Nf2 exd4+ 30. Kd3 Re8 31. Nd1 c2 32. Nb2 Re3+ 33. Kd2 Rxa3 34. Nc1 d3 35. Ncxd3 Bxb2 36. Rxb2 Raxd3+ 37. Kxc2 Rd2+ 38. Kc1 Rxb2 39. Kxb2 Rd5 40. Kc3 Rxb5 41. g4 a5 42. g5 hxg5 43. hxg5 f4 44. Rd1 Rxg5 45. Rd4 Rc5+ 46. Kb2 g5 47. Ka3 Rc3+ 48. Kb2 Rxf3 49. Rd6 b5 50. Rf6 Rd3 51. Rb6 Rb3+ 52. Ka1 Be8 53. Ra6 a4 54. Rd6 a3 55. Ka2 Re3 56. Rd1 Bf7+ 57. Ka1 b4 58. Rg1 Rg3 59. Rd1 b3 60. Rh1 Rg2 0-1